Guess the Zodiac Sign based on their French name - Statistics

General Stats
  • This quiz has been taken 19 times
    15 since last reset
  • The average score is 11 of 12
Answer Stats
Hint Answer % Correct
Cancer Cancer
100%
Capricorne Capricorn
100%
Lion Leo
100%
Sagittaire Sagittarius
100%
Taureau Taurus
100%
Scorpion Scorpio
93%
Vierge Virgo
93%
Verseau Aquarius
86%
Gémeaux Gemini
86%
Poissons Pisces
86%
Bélier Aries
79%
Balance Libra
64%
No matching quizzes found
Score Distribution
Percent of People with Each Score
Percentile by Number Answered
Your Score History
You have not taken this quiz since the last reset